00521nam a2200181Ia 4500003000900000008004100009020001800050040001600068080002400084100002200108245005700130260003900187300001600226650004100242650002500283650001900308650001200327IN-BaIIA211028s9999 xx 000 0 eng d a0-306-11002-4 cIIA Library a047.1:533.9bREV-12 aLeontovich, M. A. 0aReviews of Plasma Physicsbvol.12.c M. A.Leontovich aNew YorkbConsultants Bureauc1987 aviii, 355p. aAstronomy and Astrophysics Thesaurus aMagnetohydrodynamics aPlasma physics aPlasmas